[Event "Mar del Plata op"]
[Site "Mar del Plata"]
[Date "1998.04.06"]
[Round "3"]
[White "Bianchi, Albino"]
[Black "Needleman, Alejandro"]
[Result "1-0"]
[WhiteElo "2225"]
[BlackElo "2360"]

1.e4 c5 2.Nf3 Nc6 3.Bb5 Qc7 4.O-O e6 5.Re1 a6 6.Bf1 Be7 7.c3 Nf6 8.e5 Nd5
9.d4 b5 10.a4 c4 11.axb5 Na5 12.bxa6 Nb3 13.Ra2 Rxa6 14.Rxa6 Bxa6 15.Bg5 h6
16.Bxe7 Kxe7 17.Nfd2 Nxd2 18.Nxd2 f5 19.Qa4 Ra8 20.Qa3+ Kf7 21.Nxc4 Bb7 22.Qb3 Bc6
23.Nd6+ Kg8 24.c4 Rb8 25.Qg3 Ne7 26.b4 Qb6 27.b5 Qxd4 28.bxc6 Nxc6 29.Qd3 Qc5
30.Nb5 Nxe5 31.Qg3 Nc6 32.Rd1 Rb7 33.Qd6 Qb6 34.Ra1 Qd8 35.g3 Na5 36.Bg2 Nxc4
37.Qc5 d5 38.Ra6 Qd7 39.Ra8+ Kh7 40.Nc3 Rc7 41.Qf8 Ne3 42.Ne2 Nxg2 43.Qg8+ Kg6
44.Kxg2 e5 45.Rd8 Qc6 46.Qxd5 Qxd5+ 47.Rxd5 Kf6 48.Rd6+ Ke7 49.Rb6 Rc4 50.Kf3 Kf7
51.Ke3 Ra4 52.Rc6 Rb4 53.h4 Rb3+ 54.Rc3 Rb6 55.Rc7+ Kg6 56.f4 Re6 57.fxe5 Rxe5+
58.Kf3 Re4 59.Nf4+ Kh7 60.h5 Ra4 61.Nd5 Kg8 62.Ne7+  1-0

[Event "Neckar op 2nd"]
[Site "Deizisau"]
[Date "1998.04.10"]
[Round "6"]
[White "Raud, Rainer"]
[Black "Tuncer, Ufuk"]
[Result "0-1"]
[WhiteElo "2385"]
[BlackElo "2240"]

1.e4 c5 2.Nf3 Nc6 3.Bb5 e6 4.O-O Nge7 5.Nc3 Qc7 6.Re1 Nd4 7.Bf1 Nec6 8.Nxd4 Nxd4
9.Nb1 Be7 10.c3 Nc6 11.d4 cxd4 12.cxd4 d5 13.Nc3 dxe4 14.d5 exd5 15.Nxd5 Qd8
16.Bf4 O-O 17.Bc7 Qd7 18.Rxe4 Bd8 19.Bg3 Qf5 20.Rf4 Qg5 21.Rc1 Be6 22.Rc5 Qh6
23.h4 Bxd5 24.Rxd5 Bc7 25.Rh5 Qe6 26.Bc4 Rad8 27.Qf3 Qe1+ 28.Kh2 Rd1 29.Kh3 Bxf4
30.Bxf4 Rd4 31.Bb3 Qe4 32.Qxe4 Rxe4 33.Bc2 g6 34.Bxe4 gxh5 35.Bf3 Re8 36.Bxh5 Nb4
37.Be3 Nxa2 38.Bxa7 Nb4 39.Bf3 Nc6 40.Be3 Re5 41.Bd2 Rb5 42.Bc3 Ne7 43.Be2 Rd5
44.Bf3 Rd7 45.Bg4 Rd3+ 46.g3 Nd5 47.Be5 f6 48.Bb8 Kg7 49.Be6 Ne7 50.Bf4 Nd5
51.Bb8 Rd2 52.f3 Ne7 53.b3 Nc6 54.Bf4 Rd3 55.h5 h6 56.Kg4 Nd4 57.Bd5 b5 58.Bc7 Nxb3
59.Be4 Rd7 60.Bf4 b4 61.Bc6 Rd4 62.Kf5 Na5 63.Be4 b3 64.g4 Rxe4  0-1

[Event "Dreifluesse op"]
[Site "Passau"]
[Date "1998.04.10"]
[Round "1"]
[White "Roth, Stefan"]
[Black "Lorke, Christian"]
[Result "1-0"]
[WhiteElo "2095"]
[BlackElo "1680"]

1.e4 c5 2.Nf3 Nc6 3.Bb5 d6 4.O-O Bd7 5.Re1 Nf6 6.c3 e6 7.d4 cxd4 8.cxd4 Be7
9.Nc3 O-O 10.Bg5 a6 11.Bd3 Rc8 12.Rc1 b5 13.Bb1 e5 14.d5 Na5 15.Nxe5 dxe5
16.d6 Be6 17.dxe7 Qxe7 18.Nd5 Bxd5 19.exd5 Qd6 20.Bxf6 Qxf6 21.Qd3 g6 22.b3 Nb7
23.Rcd1 Nd6 24.Qe3 Rfe8 25.Qb6 Ne4 26.d6 Rb8 27.Qxa6 Qxf2+ 28.Kh1 Rb6 29.d7 Rd8
30.Qc8 Rb8 31.Qc7 Nc5 32.Rf1 Qe3 33.Rfe1 Qf2 34.Qxe5 Nxd7 35.Rxd7 Qxe1+ 36.Qxe1 Rxd7
37.Bc2 Rc8 38.h3 Kg7 39.Qe5+ f6 40.Qxb5  1-0

[Event "St Petersburg-ch"]
[Site "St Petersburg"]
[Date "1998.04.10"]
[Round "4"]
[White "Shaposhnikov, Evgeny"]
[Black "Ivanov, Sergey"]
[Result "1/2-1/2"]
[WhiteElo "2415"]
[BlackElo "2570"]

1.e4 c5 2.Nf3 Nc6 3.Bb5 d6 4.O-O Bd7 5.c3 Nf6 6.Re1 a6 7.Ba4 c4 8.Bc2 e5
9.d3 cxd3 10.Qxd3 Be7 11.Bg5 Be6 12.Bxf6 Bxf6 13.Rd1 Qb6 14.Nbd2 Qxb2 15.Bb3 O-O
16.Bxe6 fxe6 17.a4 Qb6 18.Qxd6 Rfe8 19.Rab1 Qa7 20.Nc4 Rad8 21.Qc7 Qc5 22.Nd6 Re7
23.Nxb7  1/2-1/2

[Event "Metz op"]
[Site "Metz"]
[Date "1998.04.11"]
[Round "7"]
[White "Lalic, Bogdan"]
[Black "Shchekachev, Andrei"]
[Result "0-1"]
[WhiteElo "2545"]
[BlackElo "2565"]

1.e4 c5 2.Nf3 Nc6 3.Bb5 d6 4.Bxc6+ bxc6 5.O-O e5 6.Re1 Be7 7.c3 f5 8.exf5 Bxf5
9.d4 cxd4 10.cxd4 e4 11.Nfd2 Nf6 12.Nc3 d5 13.f3 Qb6 14.Qa4 Bb4 15.Nxd5 Nxd5
16.fxe4 O-O 17.exd5 Qxd4+ 18.Kh1 Bh3 19.Rg1 Rae8 20.Nf3 Bxg2+ 21.Rxg2 Re1+  0-1

[Event "Dreifluesse op"]
[Site "Passau"]
[Date "1998.04.11"]
[Round "3"]
[White "Jansa, Vlastimil"]
[Black "Gottschlich, Carsten"]
[Result "1-0"]
[WhiteElo "2480"]
[BlackElo "2240"]

1.e4 c5 2.Nf3 Nc6 3.Bb5 g6 4.Bxc6 bxc6 5.O-O Bg7 6.Re1 Nf6 7.e5 Nd5 8.c4 Nc7
9.d4 cxd4 10.Qxd4 Ne6 11.Qh4 O-O 12.Bh6 f6 13.Bxg7 Kxg7 14.Nc3 fxe5 15.Nxe5 Rf4
16.Qg3 Qf8 17.b3 Nd4 18.Ne2 Nxe2+ 19.Rxe2 d6 20.Nxc6 e5 21.Rd1 Rg4 22.Qe3 Bb7
23.f3 Rf4 24.Na5 Rb8 25.c5 Ba6 26.Red2 e4 27.cxd6 exf3 28.d7 Be2 29.d8=Q Rxd8
30.Rxd8 f2+ 31.Qxf2 Rxf2 32.Rxf8 Rxf8 33.Rd7+ Rf7 34.Rxf7+ Kxf7 35.Kf2 Bb5
36.Ke3 Ke6 37.Kd4 Bf1 38.g3 Kf5 39.Nc4 Be2 40.Ne3+ Ke6 41.a4 Kd6 42.Nc4+ Kc6
43.b4 a6 44.Ne5+ Kb6 45.Nd7+ Kc6 46.Nf8  1-0

[Event "Dreifluesse op"]
[Site "Passau"]
[Date "1998.04.11"]
[Round "3"]
[White "Schelle, Artur"]
[Black "Klundt, Klaus"]
[Result "0-1"]
[WhiteElo "2200"]
[BlackElo "2375"]

1.e4 c5 2.Nf3 Nc6 3.Bb5 g6 4.Bxc6 dxc6 5.d3 Bg7 6.Nc3 Nf6 7.Be3 b6 8.h3 Qc7
9.Qd2 e5 10.O-O h6 11.a3 Be6 12.b4 c4 13.d4 Rd8 14.Qe2 Nh5 15.Rad1 O-O 16.d5 cxd5
17.exd5 Bc8 18.Qd2 Kh7 19.g4 Nf4 20.Bxf4 exf4  0-1

[Event "Dreifluesse op"]
[Site "Passau"]
[Date "1998.04.11"]
[Round "4"]
[White "Holzner, Stefan"]
[Black "Teichmann, Gerhard"]
[Result "1-0"]
[WhiteElo "1894"]
[BlackElo "1705"]

1.e4 c5 2.Nf3 Nc6 3.Bb5 a6 4.Bxc6 bxc6 5.c3 d6 6.d4 cxd4 7.cxd4 g6 8.Qc2 Bd7
9.Nc3 Bg7 10.O-O Qa5 11.Bd2 Qh5 12.Ne2 Qb5 13.Nc3 Qb7 14.Rfe1 Nh6 15.h3 f5
16.e5 dxe5 17.Nxe5 Nf7 18.Nxf7 Kxf7 19.Na4 e6 20.Nc5 Qc8 21.Qc4 Re8 22.Bf4 Bf6
23.Re3 g5 24.Bd6 Kg7 25.Rb3 Kg6 26.Rb7 Rd8 27.Rc7 Qb8 28.Nxd7 Qxb2 29.Rd1 Bg7
30.Qxe6+ Kh5 31.Qxf5 Qc3 32.Qxh7+ Bh6 33.Nf6+  1-0

[Event "Budapest FS04 GM"]
[Site "Budapest"]
[Date "1998.04.13"]
[Round "10"]
[White "Cladouras, Panagiotis"]
[Black "Glek, Igor V"]
[Result "1/2-1/2"]
[WhiteElo "2355"]
[BlackElo "2565"]

1.e4 c5 2.Nf3 Nc6 3.Bb5 e6 4.Bxc6 bxc6 5.O-O Ne7 6.b3 Ng6 7.Bb2 f6 8.Nc3 e5
9.Ne2 d5 10.d3 Bd6 11.c4 d4 12.h3 Be6 13.Bc1 Qd7 14.Nh2 f5 15.exf5 Bxf5 16.Ng3 O-O
17.Nxf5 Rxf5 18.Nf3 Raf8 19.Ng5 Be7 20.Ne4 Nh4 21.Qg4 h5 22.Qg3 Qe6 23.f3 Ng6
24.Bd2 Qf7 25.Qf2 Nf4 26.Bxf4 exf4 27.Qd2 Re5 28.a3 Rb8 29.Rab1 Qf8 30.Qa5 Qd8
31.b4 Qb6 32.Qxb6 axb6 33.b5 Re6 34.a4 Ra8 35.Ra1 Bh4 36.a5 cxb5 37.axb6 Rxa1
38.Rxa1 Rxb6 39.Rb1 b4 40.Nxc5 Be7 41.Ne4 Kf7 42.Kf1 Ke6 43.Nd2 Ra6 44.Nb3 Kd7
45.Nxd4 Bf6 46.Nb3 Ra2 47.Nc5+ Kc6 48.Ne4 Bb2 49.d4 Bxd4 50.Rxb4 Be3 51.Rb5 Rc2
52.Rxh5 Rxc4 53.Rg5 Rc2 54.Rxg7 Kd5 55.Rd7+ Ke6 56.Rd1 Kf5 57.Rd5+ Ke6 58.Rg5 Ra2
59.h4 Kf7 60.h5 Rb2 61.h6 Rb1+ 62.Ke2 Rh1 63.Rg7+ Ke6 64.Ng5+ Kf6 65.Nh3 Ra1
66.Rg8 Ra2+ 67.Kd3 Ke7 68.Kc4 Ra4+ 69.Kb3 Rd4  1/2-1/2

[Event "Metz op"]
[Site "Metz"]
[Date "1998.04.13"]
[Round "9"]
[White "Philippe, Christophe"]
[Black "Colson, Arnaud"]
[Result "1-0"]
[WhiteElo "2270"]
[BlackElo "2070"]

1.e4 c5 2.Nf3 Nc6 3.Bb5 Qb6 4.Nc3 g6 5.O-O Bg7 6.Qe2 a6 7.Bc4 d6 8.a4 e6
9.d3 Nge7 10.Nd1 O-O 11.Bd2 d5 12.a5 Qc7 13.Bb3 Bd7 14.Bg5 h6 15.exd5 Nxd5
16.Bd2 Rad8 17.Qe4 Nce7 18.Re1 Nf6 19.Bf4 Nxe4 20.Bxc7 Rc8 21.Bf4 Nf6 22.Ne5 Rfd8
23.Nxd7 Rxd7 24.Be5 Nfd5 25.Bxg7 Kxg7 26.Nc3 Nf5 27.Na4 Rcc7 28.Bxd5 Rxd5
29.Nb6 Rd8 30.Ra4 Rd4 31.Nc4 Nd6 32.Nxd6 Rxd6 33.Kf1 Rd4 34.Re4 f5 35.Raxd4 cxd4
36.Rxe6 Rxc2 37.Re7+ Kf6 38.Rxb7 Rc1+ 39.Ke2 Rc2+ 40.Kf3 g5 41.Rb6+ Kg7 42.b4 Rb2
43.g4 fxg4+ 44.Kxg4 Rxf2 45.Rxa6 Rd2 46.Kf5 Rxd3 47.Ra7+ Kf8 48.b5 Rb3 49.b6 d3
50.Rd7 Rb5+ 51.Kf6 Ke8 52.Rxd3 Rxa5 53.Rb3 Ra8 54.b7 Rb8 55.Kg6 Ke7 56.Rb6 Kd7
57.Kxh6 g4 58.Kh5 Kc7 59.Rb4 Rh8+ 60.Kxg4 Kb8 61.h4 Rg8+ 62.Kf5 Rf8+ 63.Kg6 Rg8+
64.Kf7 Rg1 65.h5 Rf1+ 66.Kg6 Rg1+ 67.Kh7 Rg5 68.h6 Rg1 69.Rb6 Rg2 70.Rg6 Rd2
71.Rg7 Rd6 72.Rf7 Rd1 73.Kg8 Rg1+ 74.Kf8 Rd1 75.h7  1-0

[Event "Czerniak mem 14th"]
[Site "Tel Aviv"]
[Date "1998.04.17"]
[Round "8"]
[White "Skripchenko, Almira"]
[Black "Kundin, Alexander"]
[Result "1/2-1/2"]
[WhiteElo "2400"]
[BlackElo "2425"]

1.e4 c5 2.Nf3 Nc6 3.Bb5 e6 4.O-O Nge7 5.c3 a6 6.Be2 d5 7.exd5 exd5 8.d4 Nf5
9.Re1 Be7 10.dxc5 O-O 11.Nbd2 Bxc5 12.Nb3 Ba7 13.Bd3 Be6 14.Bg5 Qd7 15.Qd2 Rfe8
16.Rad1 h6 17.Bf4 Rad8 18.Bb1  1/2-1/2

[Event "ARG-ch"]
[Site "Buenos Aires"]
[Date "1998.04.20"]
[Round "5"]
[White "Malbran, Guillermo"]
[Black "Hoffman, Alejandro"]
[Result "1/2-1/2"]
[WhiteElo "2355"]
[BlackElo "2510"]

1.e4 c5 2.Nf3 Nc6 3.Bb5 e6 4.O-O Nge7 5.c3 d5 6.exd5 Qxd5 7.d4 cxd4 8.c4 Qd6
9.Qxd4 Qxd4 10.Nxd4 Bd7 11.Nxc6 Nxc6 12.Rd1 a6 13.Ba4 Ne5 14.Bxd7+ Nxd7 15.Be3 Rc8
16.Nd2 Nf6 17.f3 Bc5 18.Nf1 Bxe3+ 19.Nxe3 Ke7 20.Kf2 Nd7 21.Rd4 Rhd8 22.Rad1 Ne5
23.Rxd8 Rxd8 24.Rxd8 Kxd8 25.Ke2 g5 26.g3 f5 27.f4 gxf4 28.gxf4 Nc6 29.Nc2 Ke7
30.b4 e5 31.fxe5 Ke6 32.b5 Nb8 33.Nd4+ Kxe5 34.Ke3 f4+ 35.Kd3 Nd7 36.Nf3+ Kf5
37.h3 axb5 38.cxb5 b6 39.Kd4 Nc5 40.Kd5 Na4 41.Nd4+ Kg5 42.Nf3+ Kf5 43.Nd4+  1/2-1/2

[Event "GRE-chT"]
[Site "Poros"]
[Date "1998.04.20"]
[Round "1"]
[White "Georgiev, Krum"]
[Black "Ignatiadis, Konstantinos"]
[Result "1-0"]
[WhiteElo "2525"]
[BlackElo "2175"]

1.e4 c5 2.Nf3 Nc6 3.Bb5 e6 4.b3 Nge7 5.Bb2 a6 6.Bxc6 Nxc6 7.O-O d6 8.d4 cxd4
9.Nxd4 e5 10.Ne2 Be7 11.c4 O-O 12.Nbc3 Be6 13.Qd3 Qb8 14.Rad1 b5 15.Nd5 bxc4
16.Qxc4 Bxd5 17.Qxd5 Nb4 18.Qa5 Qb5 19.Qxb5 axb5 20.Nc3 Rfb8 21.a3 Nc2 22.Nb1 Rc8
23.Rd3 Kf8 24.g3 Rc6 25.Rfd1 g6 26.Rd5 Rb8 27.b4 f6 28.Kf1 Kf7 29.R1d3 Nd4
30.Nc3 f5 31.exf5 gxf5 32.R3xd4 exd4 33.Ne2 Rc2 34.Bc1 Rbc8 35.Bf4 Ra2 36.Nxd4 Rxa3
37.Rxf5+ Kg6 38.Rxb5 Rc4 39.Nf5 Bf6 40.Nxd6 Rc2 41.Rd5 h5 42.h4 Be7 43.b5  1-0

[Event "RUS-ch (Women)"]
[Site "Elista"]
[Date "1998.04.21"]
[Round "1.3"]
[White "Strutinskaya, Galina N"]
[Black "Shumiakina, Tatiana"]
[Result "1/2-1/2"]
[WhiteElo "2290"]
[BlackElo "2400"]

1.e4 c5 2.Nf3 Nc6 3.Bb5 e6 4.Bxc6 bxc6 5.O-O f6 6.b3 Nh6 7.Ba3 Be7 8.d4 cxd4
9.Bxe7 Qxe7 10.Qxd4 c5 11.Qd3 Bb7 12.c4 O-O 13.Nc3 Bc6 14.Rfe1 a6 15.Rad1 Nf7
16.Rd2 Rfb8 17.Rb1 Nh8 18.Rdb2 Ng6 19.a3 Rf8 20.Re1 Rab8 21.Qd2 f5 22.Nd5 Qd8
23.exf5 Rxf5 24.Ne3 Rf7 25.Qd6 Bxf3 26.gxf3 Nh4 27.Kf1 Nxf3 28.Rd1 Qf8 29.h3 Ng5
30.Qxf8+ Rbxf8 31.Kg2 Ne4 32.Rf1 Rf6 33.b4 cxb4 34.axb4 Rg6+ 35.Kh2 Rf3 36.h4 Rf4
37.Ng2 Rf8 38.b5 axb5 39.cxb5 Rgf6 40.f4 d5 41.b6 Rb8 42.Ne3 Rf7 43.f5 exf5
44.Nxd5 g6 45.Rb4 Rd7 46.Rxe4 Rxd5 47.Rb4 Rb7 48.Rc1 Rdd7 49.h5 Kf7 50.Rc6 Re7
51.Kg3 Re6 52.Rc7+ Rxc7 53.bxc7 Rc6 54.Rb7 Ke8 55.c8=Q+ Rxc8 56.Rxh7 gxh5
57.Kf4 Rc4+ 58.Kxf5  1/2-1/2

[Event "GRE-chT"]
[Site "Poros"]
[Date "1998.04.21"]
[Round "2"]
[White "Gavrilakis, Nikolaos"]
[Black "Begnis, Nikolaos"]
[Result "1-0"]
[WhiteElo "2420"]
[BlackElo "2255"]

1.e4 c5 2.Nf3 Nc6 3.Bb5 g6 4.O-O Bg7 5.c3 Nf6 6.Re1 O-O 7.d4 cxd4 8.cxd4 d5
9.e5 Ne4 10.Nc3 Nxc3 11.bxc3 Qc7 12.a4 Na5 13.Bg5 Bf5 14.Re3 Rad8 15.Ra3 b6
16.Nd2 Bc8 17.h4 f6 18.Bf4 fxe5 19.Bxe5 Bxe5 20.Rxe5 Qd6 21.Ra2 Qf6 22.Qe1 Qxh4
23.Rxe7 Rf5 24.Re8+ Rxe8 25.Qxe8+ Rf8 26.Qe3 Bg4 27.Ra1 Qf6 28.Re1 Nb7 29.f3 Bf5
30.Qe7 Nd8 31.Nf1 Be6 32.Qd6 Kh8 33.Bd7 Bxd7 34.Qxd7 Qf7 35.Re7 Qg8 36.Ne3  1-0

[Event "GRE-chT"]
[Site "Poros"]
[Date "1998.04.21"]
[Round "2"]
[White "Ignatiadis, Konstantinos"]
[Black "Botsari Miladinovic, Anna Maria"]
[Result "1/2-1/2"]
[WhiteElo "2175"]
[BlackElo "2325"]

1.e4 c5 2.Nf3 Nc6 3.Bb5 g6 4.O-O Bg7 5.c3 Nf6 6.Re1 O-O 7.d4 cxd4 8.cxd4 d5
9.e5 Ne8 10.h3 Nc7 11.Bxc6 bxc6 12.Nc3 Ne6 13.Na4 Rb8 14.Ng5 Nxg5 15.Bxg5 Qc7
16.b3 f6 17.Bf4 fxe5 18.Bxe5 Bxe5 19.Rxe5 Rf5 20.Rxf5 Bxf5 21.Qd2 e5 22.Re1 exd4
23.Qxd4 Rf8 24.Nc5 Qd6 25.b4 Qf6 26.Nb3 Qxd4 27.Nxd4 Bd7 28.a3 Kg7 29.Re7+ Rf7
30.Rxf7+ Kxf7 31.f4 Ke7 32.Kf2 Kd6 33.Nb3 Bf5 34.Ke3 h5 35.h4 Be4 36.g3 Bf5
37.Kd4 Bc2 38.Nd2 Bf5 39.Nf3 a5 40.Ng5 axb4 41.axb4 Bb1 42.Nf7+ Ke7 43.Ne5 Kd6
44.g4 hxg4 45.Nxg4 Bf5 46.Nf2 Bb1 47.Nh1 Bf5 48.Ng3 Bg4 49.Nf1 Bf5  1/2-1/2

[Event "GRE-chT"]
[Site "Poros"]
[Date "1998.04.23"]
[Round "5"]
[White "Frendzas, Panayotis"]
[Black "Grivas, Efstratios"]
[Result "1/2-1/2"]
[WhiteElo "2340"]
[BlackElo "2495"]

1.e4 c5 2.Nf3 Nc6 3.Bb5 d6 4.d4 cxd4 5.Qxd4 a6 6.Bxc6+ bxc6 7.O-O e5 8.Qd3 h6
9.Rd1 Qc7 10.b3 Nf6 11.Ba3 c5 12.c4 Be7 13.Nc3 O-O 14.Bc1 Re8 15.Nd2 Bb7
16.Nf1 Bf8 17.Ne3 g6 18.Bd2 Bc6 19.f3 Qd8 20.Be1 Nh5 21.Ned5 Nf4 22.Nxf4 exf4
23.Bf2 Re5 24.Ne2 g5 25.Re1 Qd7 26.Nc3 Rae8 27.Nd5 Bg7 28.Rad1 Qd8 29.g4 Bxd5
30.cxd5 Qa5 31.Re2 R5e7 32.Be1 Qb5 33.Rc2 Qxd3 34.Rxd3 Rb7 35.Rc4 Rb5 36.Kg2 Reb8
37.Rd1 Be5 38.Rdc1 Kg7 39.Ra4 Ra8 40.Ra5 Rxa5 41.Bxa5 Rb8 42.Rc4 h5 43.h3 Rb5
44.Be1 h4 45.Ra4 Rb6 46.Kf1 Kf8 47.Ba5 Rb8 48.Bc7 Rc8 49.Bb6 Ra8 50.Ke2 Ke7
51.Kd3 Kd7 52.Ba5 Rb8 53.Be1 Rb6 54.Ba5  1/2-1/2

[Event "ARG-ch"]
[Site "Buenos Aires"]
[Date "1998.04.29"]
[Round "13"]
[White "Malbran, Guillermo"]
[Black "Spangenberg, Hugo"]
[Result "1-0"]
[WhiteElo "2355"]
[BlackElo "2530"]

1.e4 c5 2.Nf3 Nc6 3.Bb5 g6 4.O-O Bg7 5.Bxc6 bxc6 6.Re1 f6 7.c3 Nh6 8.d4 cxd4
9.cxd4 O-O 10.Nc3 d6 11.h3 Qa5 12.Qa4 Qc7 13.Bd2 Bd7 14.e5 fxe5 15.dxe5 d5
16.Bxh6 Bxh6 17.Qh4 Bg7 18.Qxe7 Rae8 19.Qc5 Rxf3 20.gxf3 Rxe5 21.Rxe5 Qxe5
22.Qe3 Qf6 23.Qxa7 Bxh3 24.Qb8+ Bf8 25.a4 h5 26.Ne2 g5 27.Ra3 h4 28.a5 Qf5
29.Kh2 Bf1 30.Ng1 Qc2 31.Nh3 Qf5 32.Ng1 g4 33.Rc3 Qe6 34.Re3 g3+ 35.Kh1 Qh6
36.Re1 Bd3 37.Nh3 Bf5 38.fxg3 Bxh3 39.a6 Bg4 40.Qf4 Bxf3+ 41.Qxf3 hxg3+ 42.Kg1 Qh2+
43.Kf1 Qh3+ 44.Ke2 Qh2+ 45.Kd1 Qxb2 46.Qg4+ Kh7 47.Rh1+ Bh6 48.Qd7+ Kg8 49.Qe6+  1-0

[Event "Serbian-ch 29th"]
[Site "Sabac"]
[Date "1998.04.30"]
[Round "11"]
[White "Relange, Eloi"]
[Black "Cabrilo, Goran"]
[Result "1/2-1/2"]
[WhiteElo "2490"]
[BlackElo "2490"]

1.e4 c5 2.Nf3 Nc6 3.Bb5 g6 4.Bxc6 dxc6 5.h3 e5 6.O-O Bg7 7.d3 Qe7 8.Be3 Nf6
9.Qd2 Nd7 10.Bh6 f6 11.Bxg7 Qxg7 12.Nh2 g5 13.a3 Nf8 14.b4 Be6 15.Nc3 Nd7
16.Na4 Qe7 17.c3 Rd8 18.Qe3 b6 19.Rab1 O-O 20.Rfe1 h6 21.Nf3 Rfe8 22.bxc5 b5
23.Nb2  1/2-1/2

[Event "Serbian-ch 29th"]
[Site "Sabac"]
[Date "1998.04.30"]
[Round "11"]
[White "Markovic, Miroslav"]
[Black "Zontakh, Andrey"]
[Result "1-0"]
[WhiteElo "2540"]
[BlackElo "2545"]

1.e4 c5 2.Nf3 Nc6 3.Bb5 g6 4.O-O Bg7 5.Re1 e5 6.Bxc6 dxc6 7.h3 Qe7 8.d3 Nf6
9.Be3 O-O 10.Nbd2 Nd7 11.a4 Rd8 12.Nb3 b6 13.a5 Ba6 14.Ra3 c4 15.axb6 axb6
16.Qa1 cxb3 17.Rxa6 Rxa6 18.Qxa6 bxc2 19.Rc1 c5 20.Rxc2 Qd6 21.Rc3 Bf8 22.Nd2 b5
23.Qxb5 Rb8 24.Qa4 Rxb2 25.Nb3 Rb1+ 26.Kh2 Qe6 27.Qa2 Re1 28.Qd2 Rb1 29.Qc2 Re1
30.Nc1 Rxe3 31.fxe3 Bh6 32.Qf2 Qb6 33.Rb3 Qc6 34.Ne2 Nf8 35.Nc3 Bg5 36.Nd5 Bd8
37.Rb8 Qd6 38.Rb7 Qe6 39.Qa2 Kg7 40.Qa7 g5 41.Qxc5 g4 42.Ne7 Nd7 43.Qc6  1-0

[Event "SVR-ch MB"]
[Site "Nickenich"]
[Date "1998.04.??"]
[Round "?"]
[White "Martini, Michael"]
[Black "Nardmann, Heiko"]
[Result "0-1"]
[WhiteElo "1815"]
[BlackElo "1920"]

1.e4 c5 2.Nf3 Nc6 3.Bb5 e6 4.O-O Nf6 5.Re1 Be7 6.Bxc6 bxc6 7.d4 cxd4 8.e5 Nd5
9.Qxd4 O-O 10.c4 Nb6 11.Nc3 f6 12.c5 fxe5 13.Nxe5 Nd5 14.Nxd5 exd5 15.Ng4 d6
16.cxd6 Bxd6 17.Bd2 Qb6 18.Qxb6 axb6 19.Ne5 c5 20.a3 Ra7 21.h3 Re7 22.Nf3 Bxh3
23.Rxe7 Bxe7 24.Re1 Bd6 25.gxh3 Rxf3 26.Re6 Rf6 27.Rxf6 gxf6 28.Kg2 Kf7 29.Kf3 Be5
30.b3 Kg6 31.Kg4 h5+ 32.Kf3 Kf5 33.Be3 Bb2 34.a4 Bc3 35.Bf4 d4 36.Bc7 Ba5
37.Bd8 d3 38.Ke3 d2 39.Ke2 Ke5 40.f4+ Ke6 41.Bc7 Kd7 42.Bb8 Kc6 43.Kd1 Kd5
44.Bc7 Kc6 45.Bb8 Bb4 46.Kc2 c4 47.bxc4 Kb7  0-1

[Event "RUS-ch (Women)"]
[Site "Elista"]
[Date "1998.05.01"]
[Round "5.1"]
[White "Kovalevskaya, Ekaterina"]
[Black "Prudnikova, Svetlana"]
[Result "1/2-1/2"]
[WhiteElo "2390"]
[BlackElo "2420"]

1.e4 c5 2.Nf3 Nc6 3.Bb5 g6 4.Bxc6 bxc6 5.O-O Bg7 6.c3 Nf6 7.Re1 O-O 8.d4 cxd4
9.cxd4 d5 10.e5 Ne4 11.Nc3 c5 12.dxc5 Nxc3 13.bxc3 Bg4 14.Ba3 e6 15.h3 Bxf3
16.Qxf3 Qc7 17.Qe2 Rfd8 18.Rab1 Bf8 19.c4 Bxc5 20.Bxc5 Qxc5 21.cxd5 Qxd5
22.Red1 Qc6 23.Rdc1 Qd7 24.Rd1 Qc6 25.Rdc1  1/2-1/2

[Event "Zepter op"]
[Site "Minsk"]
[Date "1998.05.02"]
[Round "8"]
[White "Borisenko, Andrei"]
[Black "Sherbakov, Ruslan"]
[Result "0-1"]
[WhiteElo "2350"]
[BlackElo "2555"]

1.e4 c5 2.Nf3 Nc6 3.Bb5 e6 4.Bxc6 bxc6 5.d3 Ne7 6.Nbd2 Ng6 7.h4 h5 8.Nc4 d6
9.Bd2 e5 10.Ne3 Be7 11.g3 Rb8 12.b3 Nf8 13.Ng5 f6 14.Nh3 g5 15.hxg5 fxg5
16.Ng1 g4 17.f3 Bg5 18.Nf5 Bxf5 19.exf5 Bxd2+ 20.Qxd2 Qf6 21.fxg4 hxg4 22.Rxh8 Qxh8
23.O-O-O Qf6 24.Rf1 Rb7 25.Ne2 Rh7 26.Nc3 d5 27.Qe2 Rg7 28.Na4 Nd7 29.Qf2 Qd6
30.Rh1 Rf7 31.Rh4 Qf8 32.Qh2 Qg7 33.Rh8+ Ke7 34.Rh5 e4 35.Qe2 Qa1+ 36.Kd2 Ne5
37.Qd1 Nf3+ 38.Ke2 Ng1+ 39.Ke1 Nf3+ 40.Ke2 Nd4+ 41.Ke1 Nxc2+ 42.Kd2 Qxd1+
43.Kxd1 Ne3+  0-1

[Event "FRA-chT"]
[Site "FRA"]
[Date "1998.05.09"]
[Round "9"]
[White "Weill, Roland"]
[Black "Spiridonov, Nikola"]
[Result "1/2-1/2"]
[WhiteElo "2300"]
[BlackElo "2395"]

1.e4 c5 2.Nf3 Nc6 3.Bb5 e6 4.O-O Nge7 5.Re1 a6 6.Bxc6 Nxc6 7.d4 cxd4 8.Nxd4 Qc7
9.Nxc6 bxc6 10.e5 d5 11.exd6 Bxd6 12.Qh5 O-O 13.Nd2 e5 14.Nc4 f6 15.Be3 Be6
16.Nxd6 Qxd6 17.f4 Qb4 18.b3 Bf7 19.Qf3 Qc3 20.Qf2 Rad8 21.Rad1 Bg6 22.fxe5 Rxd1
23.Rxd1 fxe5 24.Qd2 Qxc2 25.Qxc2 Bxc2 26.Rd6 Be4 27.Re6 Rf5 28.Re7 h5 29.Bf2 Bd3
30.Re6 e4 31.h4 Ra5 32.a4 Bc2 33.Rxc6 Bxb3 34.Rc3 Bf7 35.Rc8+ Kh7 36.Rc7 Kg6
37.Rc6+ Kf5 38.Rc5+ Rxc5 39.Bxc5 Kg4 40.Be7 Kg3 41.Kf1 Bc4+ 42.Ke1 a5 43.Bd8 Bb3
44.Bxa5 Kxh4 45.Bc3 Kg3 46.Kf1 Bc4+ 47.Kg1 g5 48.Bd2 Kg4 49.a5 h4 50.Kh2 Ba6
51.Be3 Bc8 52.Bd2 Kh5 53.Be3 g4 54.Bb6 g3+ 55.Kg1 Ba6 56.Be3 Kg4 57.Bb6 Be2
58.Be3 h3 59.gxh3+ Kxh3 60.Bd2 Ba6 61.Be3 Bb7 62.a6 Bxa6 63.Bd2 Bb7 64.Bc3 Kg4
65.Kg2 e3+ 66.Kg1 Kf3 67.Be5 g2 68.Bc3 Ke2 69.Bb4 Kd1 70.Ba5 Bc6 71.Bb4 Ke2
72.Ba5 Kf3 73.Bb4 Bb5 74.Ba5 Bf1 75.Bb4 Ke4 76.Ba5 Kd3 77.Bb4 Kc2 78.Ba5 Kd3
79.Bb4 Kd4 80.Ba5 Ke4 81.Bb4 Kf3 82.Ba5 Bd3 83.Bb4 Be4 84.Ba5 Ke2 85.Bb4 Kd1
86.Ba5 e2 87.Kf2 Bf3 88.Bb4 Kc2 89.Ba5 Kd3 90.Bb4 Bd5 91.Ba5 Bf3 92.Bb4 Ke4
93.Ba5 Kf4 94.Bb4 Kg4 95.Ba5 Kh3 96.Kg1 Kg3 97.Be1+ Kf4 98.Kf2 Bc6 99.Ba5 Kg4
100.Bb4 Kh3 101.Kg1 Kg3 102.Ba5  1/2-1/2

[Event "Boca Juniors op"]
[Site "Buenos Aires"]
[Date "1998.05.11"]
[Round "5"]
[White "Faig, Cristian"]
[Black "Minzer, Claudio Javier"]
[Result "0-1"]
[WhiteElo "2185"]
[BlackElo "2380"]

1.e4 c5 2.Nf3 Nc6 3.Bb5 e6 4.O-O Nge7 5.c3 a6 6.Ba4 b5 7.Bc2 Bb7 8.a4 Ng6
9.Re1 Rc8 10.d3 Be7 11.Nbd2 O-O 12.Nf1 d5 13.d4 cxd4 14.exd5 Qxd5 15.Nxd4 Nxd4
16.Be4 Qd7 17.Bxb7 Qxb7 18.Qxd4 Rc4 19.Qd1 Rd8 20.Qb3 Rg4 21.Ng3 Nh4 22.f3 Bc5+
23.Be3 Rd2 24.Kh1 Rxg2 25.Qd1 Rxh2+ 26.Kxh2 Nxf3+ 27.Kg2 Nxe1+ 28.Kh3 Rxg3+
29.Kxg3 Qg2+ 30.Kf4 g5+ 31.Ke5 Qh2+ 32.Kf6 Qh6+ 33.Ke5 Qg7+  0-1

[Event "Boca Juniors op"]
[Site "Buenos Aires"]
[Date "1998.05.11"]
[Round "5"]
[White "Kanefsck, Gustavo"]
[Black "Maurino, Lucio"]
[Result "0-1"]
[WhiteElo "2400"]
[BlackElo "2210"]

1.e4 c5 2.Nf3 Nc6 3.Bb5 Nf6 4.e5 Nd5 5.O-O g6 6.Re1 Bg7 7.Nc3 Nc7 8.Bxc6 dxc6
9.Ne4 Ne6 10.d3 O-O 11.Be3 b6 12.Qd2 Nd4 13.Nxd4 cxd4 14.Bh6 Qd5 15.Bxg7 Kxg7
16.Qg5 Qe6 17.Qh4 h6 18.Ng3 c5 19.f4 Bb7 20.Re2 Rae8 21.f5 gxf5 22.Rf1 Kh7
23.Rxf5 Rg8 24.Ref2 Ref8 25.b3 Rg6 26.Qf4 Bd5 27.Ne2 Rfg8 28.g3 Rg5 29.h4 Rg4
30.Qd2 Rxh4 31.R2f4 Rh1+ 32.Kf2 Qg6  0-1

[Event "CZE-ch (Women)"]
[Site "Klatovy"]
[Date "1998.05.13"]
[Round "6"]
[White "Pallova, Romana"]
[Black "Ptacnikova, Lenka"]
[Result "0-1"]
[WhiteElo "2085"]
[BlackElo "2280"]

1.e4 c5 2.Nf3 Nc6 3.Bb5 g6 4.O-O Nf6 5.Re1 Bg7 6.c3 O-O 7.d4 cxd4 8.cxd4 d5
9.e5 Ne4 10.Nc3 Nxc3 11.bxc3 Bg4 12.h3 Qa5 13.a4 Qxc3 14.Bd2 Bxf3 15.Bxc3 Bxd1
16.Raxd1 Rac8 17.Rc1 Bh6 18.Rb1 Rc7 19.Rb3 Rfc8 20.Bxc6 Rxc6 21.Bb4 Rb6 22.Rbb1 Bc1
23.Rbxc1 Rxc1 24.Rxc1 Rxb4 25.Rc7 e6 26.g3 a5  0-1

[Event "CZE-ch (Women)"]
[Site "Klatovy"]
[Date "1998.05.13"]
[Round "6"]
[White "Jackova, Jana"]
[Black "Pallova, Martina"]
[Result "1/2-1/2"]
[WhiteElo "2195"]
[BlackElo "2145"]

1.e4 c5 2.Nf3 Nc6 3.Bb5 g6 4.O-O Bg7 5.Re1 e5 6.b4 cxb4 7.a3 Nge7 8.axb4 O-O
9.Bb2 d6 10.Bxc6 bxc6 11.d4 Qc7 12.c4 Bg4 13.dxe5 dxe5 14.Ra5 Rfd8 15.Qe2 f6
16.h3 Be6 17.Nbd2 Rab8 18.Bc3 Nc8 19.c5 g5 20.Nc4 Qf7 21.Nfd2 Rb7 22.Ra6 Qe8
23.Na5 Rc7 24.Ndc4 Qd7 25.Ne3 Ne7 26.Rd1 Qc8 27.Rxd8+ Qxd8 28.b5 Bc8 29.Nxc6 Nxc6
30.Rxc6 Rxc6 31.bxc6 Bf8 32.Qb5 a6 33.Qc4+ Kh8 34.Nd5 Kg7 35.Qb4 Qe8 36.Qb6 g4
37.c7 Qg6 38.h4 Qh6 39.Qb8 g3 40.fxg3 Bxc5+ 41.Kh2 Qc1 42.Qxc8 Qg1+ 43.Kh3 Qh1+
44.Kg4 Qd1+ 45.Kh3  1/2-1/2

[Event "Capablanca mem 33th Premier"]
[Site "Havana"]
[Date "1998.05.14"]
[Round "7"]
[White "Vazquez, Renier"]
[Black "De la Riva Aguado, Oscar"]
[Result "1-0"]
[WhiteElo "2405"]
[BlackElo "2495"]

1.e4 c5 2.Nf3 Nc6 3.Bb5 a6 4.Bxc6 dxc6 5.O-O Bg4 6.d3 Qc7 7.Nbd2 e5 8.h3 Bh5
9.a4 a5 10.Nc4 f6 11.Be3 Bd6 12.c3 Ne7 13.d4 Rd8 14.Nxd6+ Qxd6 15.dxe5 Qc7
16.Qb3 Bxf3 17.gxf3 Qxe5 18.Rfd1 Rb8 19.Qc4 b6 20.f4 Qh5 21.Qe6 f5 22.Kh2 Qg6
23.Qe5 Rb7 24.Rg1 Qf6 25.Rxg7 Qxe5 26.fxe5 fxe4 27.Rd1 h5 28.Bg5 Rf8 29.e6 Rxf2+
30.Kg1 e3 31.Rg8+ Rf8 32.Rd8+  1-0